[Event "IECC O email"]
[Site "IECC email"]
[Date "2003.10.15"]
[Round "?"]
[White "Sofletea, Constantin"]
[Black "Burns, Paul"]
[Result "1-0"]
[WhiteElo "1047"]
[BlackElo "1061"]
[PlyCount "45"]
[EventDate "2003.??.??"]
[EventType "tourn (corr)"]
[EventRounds "6"]
[SourceTitle "Corr 2008"]
[Source "ChessBase"]
[SourceDate "2008.06.24"]
[SourceVersion "1"]
[SourceVersionDate "2008.06.24"]
[SourceQuality "1"]

1. c4 c5 2. Nf3 d6 3. e3 Nf6 4. d4 cxd4 5. exd4 Nc6 6. d5 Ne5 7. Nxe5 dxe5 8. Nc3 Bg4 9. Be2 Bf5 10. 0-0 Nd7 11. Re1 Nc5 12. b4 Nd7 13. c5 g6 14. g4 Nf6 15. gxf5 gxf5 16. Bb5+ Nd7 17. c6 bxc6 18. dxc6 Nb6 19. c7+ Nd7 20. cxd8Q+ Rxd8 21. Nd5 Rc8 22. Nf6+ exf6 23. Qxd7# 1-0

[Event "IECG CE.2003.0.00060 email"]
[Site "IECG email"]
[Date "2003.10.08"]
[Round "?"]
[White "Burns, Paul"]
[Black "Martins, Karin"]
[Result "0-1"]
[WhiteElo "1300"]
[BlackElo "1385"]
[PlyCount "30"]
[EventDate "2003.10.08"]
[EventType "tourn (corr)"]
[EventRounds "6"]
[SourceTitle "Corr 2008"]
[Source "ChessBase"]
[SourceDate "2008.06.24"]
[SourceVersion "1"]
[SourceVersionDate "2008.06.24"]
[SourceQuality "1"]

1. e4 e5 2. Nf3 Nc6 3. Nc3 Nf6 4. Bc4 Nxe4 5. Nxe4 d5 6. Bxd5 Qxd5 7. d3 Be7 8. c4 Qe6 9. Be3 Qd7 10. 0-0 Bd8 11. Nc5 Qd6 12. h3 0-0 13. Ne1 Qg6 14. Nf3 Bxh3 15. Re1 Qxg2# 0-1

[Event "IECG QE.2003.0.00055"]
[Site "IECG email"]
[Date "2003.10.01"]
[Round "1"]
[White "Casser, Aaron"]
[Black "Burns, Paul"]
[Result "1-0"]
[WhiteElo "1343"]
[BlackElo "1300"]
[PlyCount "53"]
[EventDate "2003.10.01"]
[EventType "tourn (corr)"]
[EventRounds "6"]
[SourceTitle "Corr 2008"]
[Source "ChessBase"]
[SourceDate "2008.06.24"]
[SourceVersion "1"]
[SourceVersionDate "2008.06.24"]
[SourceQuality "1"]

1. e4 e5 2. Nf3 Nf6 3. Nxe5 d6 4. Nf3 Nc6 5. Nc3 Bg4 6. Bb5 a6 7. Bxc6+ bxc6 8. d4 h5 9. h3 Be6 10. Bg5 Bc4 11. Nd2 Be6 12. e5 c5 13. exf6 gxf6 14. Bh4 cxd4 15. Nce4 Bg7 16. Qf3 Qb8 17. Nxf6+ Bxf6 18. Bxf6 Rh7 19. Bd8 Kxd8 20. 0-0-0 Bc8 21. Qf6+ Ke8 22. Nf3 Qb5 23. Rhe1+ Kf8 24. Qd8+ Kg7 25. Re8 Rb8 26. Rg8+ Kh6 27. Qf6# 1-0

[Event "IECC CL6-2003.19 email"]
[Site "IECC email"]
[Date "2003.08.16"]
[Round "?"]
[White "Schultz, Doug"]
[Black "Burns, Paul"]
[Result "1-0"]
[WhiteElo "1360"]
[BlackElo "1165"]
[PlyCount "65"]
[EventDate "2003.??.??"]
[EventType "tourn (corr)"]
[EventRounds "4"]
[SourceTitle "Corr 2008"]
[Source "ChessBase"]
[SourceDate "2008.06.24"]
[SourceVersion "1"]
[SourceVersionDate "2008.06.24"]
[SourceQuality "1"]

1. d4 d5 2. c4 Nf6 3. cxd5 Nxd5 4. e4 Nf6 5. Nc3 Bg4 6. f3 Bc8 7. Bg5 Nh5 8. Bc4 h6 9. Be3 b6 10. Qb3 e6 11. Qb5+ Qd7 12. Qxh5 g6 13. Qb5 Qxb5 14. Nxb5 Bb4+ 15. Kf1 Kd8 16. a3 Be7 17. Nc3 a6 18. Nge2 g5 19. Rd1 Nc6 20. d5 Ne5 21. dxe6+ Ke8 22. exf7+ Kf8 23. Bd4 Bd6 24. Bxe5 Rh7 25. Bxd6+ cxd6 26. Rxd6 Bb7 27. Kf2 Rc8 28. Be6 Rc6 29. Rd8+ Kg7 30. f8Q+ Kg6 31. Bf5+ Kh5 32. Qe8+ Kh4 33. g3# 1-0

[Event "IECG TG.2003.0.15025"]
[Site "IECG email"]
[Date "2003.??.??"]
[Round "2"]
[White "Burns, Paul"]
[Black "Owens, David"]
[Result "0-1"]
[WhiteElo "1300"]
[BlackElo "1350"]
[PlyCount "62"]
[EventDate "2003.11.02"]
[EventType "match (corr)"]
[EventRounds "2"]
[SourceTitle "Corr 2008"]
[Source "ChessBase"]
[SourceDate "2008.06.24"]
[SourceVersion "1"]
[SourceVersionDate "2008.06.24"]
[SourceQuality "1"]

1. e4 c6 2. Bc4 d5 3. Bd3 dxe4 4. Bxe4 Nf6 5. Bf3 e5 6. d3 Be6 7. Nc3 Nbd7 8. Nge2 Qc7 9. 0-0 0-0-0 10. Ng3 Be7 11. a3 Kb8 12. Nce4 Nxe4 13. Nxe4 h6 14. Be3 f5 15. Ng3 Nf6 16. b4 f4 17. Bd2 g5 18. Qe1 fxg3 19. Bc3 gxh2+ 20. Kxh2 Rde8 21. Bxe5 Ng4+ 22. Kg1 Nxe5 23. Be2 g4 24. d4 Nf3+ 25. Bxf3 gxf3 26. Qxe6 Rhg8 27. Qh3 Rxg2+ 28. Kh1 Bd6 29. Qxf3 Rh2+ 30. Kg1 Qg7+ 31. Qg2 Qxg2# 0-1

[Event "IECG TG.2003.0.15025"]
[Site "IECG email"]
[Date "2003.??.??"]
[Round "1"]
[White "Owens, David"]
[Black "Burns, Paul"]
[Result "1-0"]
[WhiteElo "1350"]
[BlackElo "1300"]
[PlyCount "63"]
[EventDate "2003.11.02"]
[EventType "match (corr)"]
[EventRounds "2"]
[SourceTitle "Corr 2008"]
[Source "ChessBase"]
[SourceDate "2008.06.24"]
[SourceVersion "1"]
[SourceVersionDate "2008.06.24"]
[SourceQuality "1"]

1. d4 d5 2. Nf3 Nf6 3. e3 Nc6 4. Nbd2 Bf5 5. c4 e6 6. c5 Nb4 7. Qa4+ Nc6 8. Ne5 g6 9. Bb5 Qe7 10. Bxc6+ bxc6 11. Qxc6+ Nd7 12. Qxa8+ Qd8 13. Qxd8+ Kxd8 14. Nxf7+ Kc8 15. Nxh8 Bd3 16. Nf7 c6 17. Nf3 Nf6 18. N3e5 Kc7 19. Nxd3 h6 20. Bd2 Ne4 21. Ba5+ Kd7 22. f3 Ke7 23. fxe4 Kxf7 24. 0-0+ Kg7 25. exd5 exd5 26. Ne5 a6 27. Rf2 Be7 28. Rf7+ Kg8 29. Rxe7 Kf8 30. Nxg6+ Kg8 31. Rf1 h5 32. Rf8# 1-0